ბათუმის შოთა რუსთაველის სახელმწიფო უნივერსიტეტის ბიბლიოთეკა

ჩანაწერი Personal Name

ჩანაწერთა რაოდენობა, რომელიც გამოყენებულია: 1

001 - CONTROL NUMBER

  • control field: 11661

003 - CONTROL NUMBER IDENTIFIER

  • control field: GE_BSU

005 - DATE AND TIME OF LATEST TRANSACTION

  • control field: 20210427143046.0

008 - FIXED-LENGTH DATA ELEMENTS

  • fixed length control field: 210427|| aca||aabn | a|a d

040 ## - CATALOGING SOURCE

  • Original cataloging agency: GE_BSU
  • Transcribing agency: GE_BSU

100 ## - HEADING--PERSONAL NAME

  • Personal name: ურუშაძე, ოთარ
  • Relator term: სამეცნიერო ხელმძღვანელი

670 ## - SOURCE DATA FOUND

  • Source citation: Work cat.: (GE_BSU)51779: ნემსაძე, გრიგოლ 11660, მრავალშრიანი სპირალური კომპიუტერული ტომოგრაფიის როლი და ადგილი პოლიტრამვის სადიაგნოსტიკო რადიოლოგიურ ალგორითმში /